| 000 | 02150cam a2200505Ia 4500 | ||
|---|---|---|---|
| 001 | sjds364235 | ||
| 003 | sjds | ||
| 005 | 20180702144056.0 | ||
| 008 | 070918t20082007nyua j 000 1 spa d | ||
| 020 | _a9780545025836 (pbk.) | ||
| 020 | _a0545025834 (pbk.) | ||
| 035 | _a(OCoLC)176922787 | ||
| 040 |
_aBTCTA _cBTCTA _dBAKER _dHT# _dOCLCQ _dSAP _dUtOrBLW |
||
| 041 | 1 |
_aspa _heng |
|
| 049 | _aIFAA | ||
| 099 | _aCHILDREN ESPANOL FICTION PILKEY | ||
| 999 |
_c21097 _d21097 |
||
| 999 | _bCHILDREN ESPANOL FICTION PILKEY | ||
| 100 | 1 |
_aPilkey, Dav, _d1966- _eauthor. |
|
| 240 | 1 | 0 |
_aCaptain Underpants and the preposterous plight of the purple potty people. _lSpanish |
| 245 | 1 | 3 |
_aEl Capitan Calzoncillos y la ridÃcula historia de los seres del inodoro morado : _bla octava novela epica / _cde Dav Pilkey ; [translated by Miguel Azaola]. |
| 260 |
_aNew York : _bScholastic, _c2008., c2007 |
||
| 264 | 1 |
_aNew York : _bScholastic, _c2008. |
|
| 264 | 4 | _cc2007 | |
| 300 |
_a172 pages : _billustrations ; _c20 cm |
||
| 336 |
_atext _btxt _2rdacontent |
||
| 337 |
_aunmediated _bn _2rdamedia |
||
| 338 |
_avolume _bnc _2rdacarrier |
||
| 520 | _aGeorge and Harold hypnotize their principal who, believing he is the superhero Captain Underpants, leads them to the lair of the nefarious Dr. Diaper. They must then defeat his evil robot henchmen. | ||
| 521 | 0 | _aNivel de lectura 3. | |
| 521 | 1 | _a7 a 10 anos. | |
| 526 | 0 |
_aAccelerated Reader _bMG _c4.6 _d1.0 _z108880SP |
|
| 650 | 0 |
_aSchool principals _vJuvenile fiction. |
|
| 650 | 0 |
_aHeroes _vJuvenile fiction. |
|
| 650 | 0 |
_aSuperheroes _vJuvenile fiction. |
|
| 650 | 0 |
_aCaptain Underpants (Fictitious character) _vJuvenile fiction. |
|
| 650 | 0 |
_aHumorous stories _vJuvenile literature. |
|
| 650 | 0 |
_aComic books, strips, etc. _vJuvenile literature. |
|
| 650 | 7 |
_aHeroes _vNovela juvenil. _2bidex |
|
| 650 | 7 |
_aSuperhéroes _vNovela juvenil. _2bidex |
|
| 650 | 7 |
_aEscuelas _xSuperintendentes y directores _vNovela juvenil. _2bidex |
|
| 650 | 7 |
_aCuentos humorosos _vLiteratura juvenil. _2bidex |
|
| 650 | 7 |
_aLibros de caricaturas, tiras comicas, etc. _vLiteratura juvenil. _2bidex |
|
| 700 | 1 | _aAzaola, Miguel. | |
| 942 | _cBK | ||